000 00546nam a2200169 a 4500
001 000042608
005 20201002040254.0
008 140131s2004 sp ac 001 0 spa d
020 _a8440636482
040 _aDO-SdBNP
_bspa
_cBNPHU
100 1 _aFeo, Julio
_969856
245 1 0 _aJulio Feo :
_bAquellos Años /
_cJulio Feo ; prólogo de Sabino Fernández Campo.
260 _a[Barcelona] :
_bEdiciones B,
_c[s.f].
300 _avii, 549 p., [64] p. lám. ;
_c25 cm.
500 _aIncluye índice
700 1 _aFernández Campo, Sabino
_epról.
_969857
999 _c42097
_d42097